[Event "CZE-chT1W 1920"]
[Site "Czech Republic"]
[Date "2019.10.20"]
[Round "1.1"]
[White "Cerveny, Martin"]
[Black "Gross, David"]
[Result "1-0"]
[WhiteElo "2350"]
[BlackElo "2382"]
[PlyCount "89"]
[EventDate "2019.10.20"]
[EventType "team-tourn"]
[EventRounds "11"]
[EventCountry "CZE"]
[SourceTitle "CBM 192 Extra"]
[Source "Chessbase"]
[SourceDate "2019.11.06"]
[SourceVersion "1"]
[SourceVersionDate "2019.11.06"]
[SourceQuality "1"]
[WhiteTeam "Lysa nad Labem III"]
[BlackTeam "Line"]
[WhiteTeamCountry "CZE"]
[BlackTeamCountry "CZE"]

1. d4 Nf6 2. Nf3 g6 3. g3 Bg7 4. Bg2 0-0 5. 0-0 d6 6. b3 e5 7. dxe5 Ng4 8. Bb2 Nxe5 9. Nxe5 dxe5 10. c4 c6 11. Nc3 Qc7 12. Qc1 Rd8 13. Rd1 Rxd1+ 14. Qxd1 Be6 15. Qd2 a5 16. Rd1 Na6 17. h4 h6 18. h5 gxh5 19. Bf3 h4 20. g4 Qe7 21. Ne4 f5 22. gxf5 Bxf5 23. Kh1 Kh7 24. Rg1 Nc5 25. Qd6 Qxd6 26. Nxd6 Bg6 27. Ba3 Ne6 28. Bg4 Nd4 29. e3 h5 30. Bc8 Rxc8 31. Rxg6 Kxg6 32. Nxc8 Nc2 33. Bc5 Kf5 34. Nd6+ Kg4 35. Nxb7 Ne1 36. e4 Nd3 37. Be3 Kf3 38. Nxa5 c5 39. Nb7 Bf8 40. a4 Kxe4 41. a5 Nb4 42. Nxc5+ Kf5 43. Nd7 Bd6 44. Bc5 Bxc5 45. Nxc5 1-0

[Event "CZE-chT1W 1819"]
[Site "Czech Republic"]
[Date "2018.11.11"]
[Round "2.3"]
[White "Rubes, Jan"]
[Black "Gross, David"]
[Result "1-0"]
[WhiteElo "2319"]
[BlackElo "2389"]
[PlyCount "123"]
[EventDate "2018.10.21"]
[EventType "team-tourn"]
[EventRounds "11"]
[EventCountry "CZE"]
[SourceTitle "CBM 187 Extra"]
[Source "ChessBase"]
[SourceDate "2018.11.04"]
[SourceVersion "1"]
[SourceVersionDate "2018.11.04"]
[SourceQuality "1"]
[WhiteTeam "Neratovice"]
[BlackTeam "Kozolupy"]
[WhiteTeamCountry "CZE"]
[BlackTeamCountry "CZE"]

1. d4 Nf6 2. Bf4 g6 3. Nc3 d5 4. e3 Bg7 5. h4 h5 6. Qd2 c6 7. Bd3 Nbd7 8. 0-0-0 b5 9. f3 b4 10. Nce2 a5 11. e4 dxe4 12. fxe4 Ng4 13. e5 Nb6 14. Nh3 0-0 15. Rhf1 Qd5 16. b3 Ba6 17. Bg5 Bxd3 18. Qxd3 Nxe5 19. dxe5 Qxe5 20. c3 bxc3 21. Qe3 c2 22. Rd4 Qxe3+ 23. Bxe3 Bxd4 24. Bxd4 Nd5 25. Nhf4 a4 26. Nxd5 cxd5 27. b4 e5 28. Bc5 Rfe8 29. Nc3 d4 30. Nd5 Red8 31. Ne7+ Kg7 32. Kxc2 Rd7 33. Nc6 f6 34. Kd3 Re8 35. Re1 Kf7 36. b5 e4+ 37. Kd2 d3 38. Be3 Rb7 39. Rb1 Rc8 40. Nd4 Rc4 41. a3 Ke7 42. b6 Kd7 43. g3 Kc8 44. Rb2 Kd7 45. Nb5 g5 46. Nd4 gxh4 47. gxh4 Rc8 48. Bf4 Rg8 49. Ke3 d2 50. Kxd2 Rg4 51. Ke3 Rxh4 52. Kxe4 Rh3 53. Bc7 Rxa3 54. Rg2 Ra1 55. Rg7+ Ke8 56. Rg8+ Kf7 57. Ra8 a3 58. Nc2 Rc1 59. Ra7 Rxc2 60. Rxb7 Rc4+ 61. Kd3 a2 62. Kxc4 1-0

[Event "CZE-chT2A 1718"]
[Site "Czech Republic"]
[Date "2017.11.19"]
[Round "3.2"]
[White "Kotyk, Vaclav"]
[Black "Gross, David"]
[Result "1/2-1/2"]
[WhiteElo "2153"]
[BlackElo "2390"]
[PlyCount "54"]
[EventDate "2017.10.15"]
[EventType "team-tourn"]
[EventRounds "11"]
[EventCountry "CZE"]
[SourceTitle "EXT 2022"]
[Source "ChessBase"]
[SourceDate "2021.10.06"]
[SourceVersion "1"]
[SourceVersionDate "2021.10.06"]
[SourceQuality "1"]
[WhiteTeam "Kladno"]
[BlackTeam "Kozolupy"]
[WhiteTeamCountry "CZE"]
[BlackTeamCountry "CZE"]

1. d4 Nf6 2. c4 g6 3. Nc3 Bg7 4. Nf3 d6 5. g3 0-0 6. Bg2 c6 7. 0-0 Qa5 8. d5 Qa6 9. Nd2 Nbd7 10. b4 Nxd5 11. Nxd5 cxd5 12. b5 Qb6 13. Rb1 d4 14. Nb3 Ne5 15. Nxd4 Nxc4 16. Rb4 Qxd4 17. Qxd4 Bxd4 18. Rxc4 Bc5 19. Be3 Be6 20. Rxc5 dxc5 21. Bxc5 Rac8 22. Bxa7 Bxa2 23. b6 Rc2 24. Bxb7 Rb2 25. Bf3 Bc4 26. b7 Ba6 27. b8Q Rfxb8 1/2-1/2

[Event "AUT-chT 1011"]
[Site "Austria"]
[Date "2011.03.05"]
[Round "10.3"]
[White "Gross, David"]
[Black "Bokros, Albert"]
[Result "1/2-1/2"]
[WhiteElo "2453"]
[BlackElo "2498"]
[PlyCount "63"]
[EventDate "2010.11.19"]
[EventType "team-tourn"]
[EventRounds "11"]
[EventCountry "AUT"]
[SourceTitle "EXT 2012"]
[Source "ChessBase"]
[SourceDate "2011.11.24"]
[SourceVersion "1"]
[SourceVersionDate "2011.11.24"]
[SourceQuality "1"]
[WhiteTeam "Mayrhofen/Zillertal"]
[BlackTeam "Lackenbach"]
[WhiteTeamCountry "AUT"]
[BlackTeamCountry "AUT"]

1. e4 c5 2. Nf3 e6 3. d4 cxd4 4. Nxd4 d6 5. Nc3 a6 6. a4 b6 7. Be2 Bb7 8. f4 Nd7 9. Bf3 Rc8 10. 0-0 Ngf6 11. Kh1 Be7 12. Qe2 Qc7 13. e5 Bxf3 14. Nxf3 Ng4 15. exd6 Bxd6 16. f5 e5 17. Ne4 Be7 18. h3 Ngf6 19. Nxf6+ Bxf6 20. c3 0-0 21. Be3 e4 22. Nd2 Qb7 23. Rad1 b5 24. axb5 axb5 25. Ra1 Rfe8 26. Ra5 b4 27. Ra7 Qd5 28. c4 Qc6 29. b3 Nc5 30. Ra5 Nd3 31. Rd5 Rcd8 32. Nxe4 1/2-1/2

[Event "CZE-chT1W 1011"]
[Site "Czech Republic"]
[Date "2011.02.27"]
[Round "9.3"]
[White "Gross, David"]
[Black "Chalupa, Ivan"]
[Result "1/2-1/2"]
[WhiteElo "2388"]
[BlackElo "2161"]
[PlyCount "82"]
[EventDate "2010.10.10"]
[EventType "team-tourn"]
[EventRounds "11"]
[EventCountry "CZE"]
[SourceTitle "EXT 2012"]
[Source "ChessBase"]
[SourceDate "2011.11.24"]
[SourceVersion "1"]
[SourceVersionDate "2011.11.24"]
[SourceQuality "1"]
[WhiteTeam "Kozolupy"]
[BlackTeam "Praha Vysehrad"]
[WhiteTeamCountry "CZE"]
[BlackTeamCountry "CZE"]

1. e4 e5 2. Nf3 Nc6 3. Bb5 Bc5 4. Qe2 Nd4 5. Nxd4 Bxd4 6. c3 Bb6 7. d3 c6 8. Ba4 d6 9. Nd2 Ne7 10. Nc4 Bc7 11. Bb3 Be6 12. 0-0 0-0 13. d4 Ng6 14. g3 exd4 15. cxd4 d5 16. exd5 Bxd5 17. Be3 Qe7 18. Nd2 Rad8 19. Rfe1 Rfe8 20. Bxd5 Rxd5 21. Nf3 Bb6 22. Qc4 Qd7 23. Kg2 h6 24. b4 Re6 25. a4 Rf6 26. a5 Bc7 27. Ng1 a6 28. f3 h5 29. h4 Re6 30. Bf2 Nf8 31. Re4 f5 32. Rxe6 Nxe6 33. f4 g6 34. Re1 Kf7 35. Nf3 Kf6 36. Re2 Bb8 37. Kh3 Qd6 38. Re5 Qd7 39. Re2 Ba7 40. Re5 Bb8 41. Re2 Qd8 1/2-1/2

[Event "CZE-chT 1011"]
[Site "Czech Republic"]
[Date "2010.11.06"]
[Round "1.5"]
[White "Gross, David"]
[Black "Heberla, Bartlomiej"]
[Result "1/2-1/2"]
[WhiteElo "2453"]
[BlackElo "2538"]
[PlyCount "49"]
[EventDate "2010.11.05"]
[EventType "team-tourn"]
[EventRounds "11"]
[EventCountry "CZE"]
[SourceTitle "EXT 2011"]
[Source "ChessBase"]
[SourceDate "2010.11.26"]
[SourceVersion "1"]
[SourceVersionDate "2010.11.26"]
[SourceQuality "1"]
[WhiteTeam "Praha Mahrla"]
[BlackTeam "Pardubice"]
[WhiteTeamCountry "CZE"]
[BlackTeamCountry "CZE"]

1. e4 e6 2. d4 d5 3. Nc3 dxe4 4. Nxe4 Nd7 5. g3 Ngf6 6. Nxf6+ Nxf6 7. Nf3 b6 8. Bg2 Bb7 9. 0-0 Be7 10. Qe2 0-0 11. c4 Re8 12. Rd1 Qc8 13. Bf4 c5 14. Ne5 Bxg2 15. Kxg2 cxd4 16. Rxd4 Qb7+ 17. Qf3 Qxf3+ 18. Kxf3 Rac8 19. g4 h6 20. Rad1 a6 21. h4 Nh7 22. Bg3 Nf8 23. b3 b5 24. cxb5 axb5 25. Nd7 1/2-1/2

[Event "CZE-chT 0809"]
[Site "Czech Republic"]
[Date "2009.02.07"]
[Round "6.6"]
[White "Stehno, Pavel"]
[Black "Gross, David"]
[Result "1/2-1/2"]
[WhiteElo "2351"]
[BlackElo "2485"]
[PlyCount "103"]
[EventDate "2008.11.08"]
[EventType "team-tourn"]
[EventRounds "11"]
[EventCountry "CZE"]
[SourceTitle "EXT 2010"]
[Source "ChessBase"]
[SourceDate "2010.11.25"]
[SourceVersion "1"]
[SourceVersionDate "2010.11.25"]
[SourceQuality "1"]
[WhiteTeam "Pardubice"]
[BlackTeam "Praha Mahrla"]
[WhiteTeamCountry "CZE"]
[BlackTeamCountry "CZE"]

1. e4 c5 2. Nf3 d6 3. Nc3 Nf6 4. d4 cxd4 5. Nxd4 e6 6. f4 Nc6 7. Nb3 Be7 8. Bd3 0-0 9. 0-0 Nb4 10. Qf3 Nxd3 11. cxd3 a5 12. Be3 a4 13. Nd4 e5 14. Nf5 Bxf5 15. exf5 d5 16. fxe5 d4 17. exf6 Bxf6 18. Bd2 dxc3 19. Bxc3 b5 20. Rad1 Rc8 21. Bxf6 Qxf6 22. d4 Rfd8 23. Qe4 Rc4 24. Rf4 h6 25. g3 Kf8 26. Qd3 Rd5 27. Qe4 Rd8 28. Kg2 Kg8 29. Rd2 Kf8 30. Qb7 Kg8 31. Qxb5 Rcxd4 32. Rfxd4 Rxd4 33. Rxd4 Qxd4 34. Qe8+ Kh7 35. Qxf7 Qxb2+ 36. Kh3 a3 37. Qg6+ Kh8 38. Qf7 Kh7 39. Qd5 Kh8 40. g4 Kh7 41. Kg3 Qb8+ 42. Kg2 Qb2+ 43. Kh3 Qc3+ 44. Kg2 Qb2+ 45. Kg3 Qb8+ 46. Kh3 Qb2 47. Qe6 Kh8 48. Kg3 Qb8+ 49. Kg2 Qb2+ 50. Kh3 Kh7 51. Qc4 Kh8 52. Qe6 1/2-1/2

[Event "AUT-chT2W 0809"]
[Site "Austria"]
[Date "2009.01.17"]
[Round "7.2"]
[White "Gross, David"]
[Black "Baldauf, Marco"]
[Result "1/2-1/2"]
[WhiteElo "2485"]
[BlackElo "2313"]
[PlyCount "80"]
[EventDate "2008.10.17"]
[EventType "team-tourn"]
[EventRounds "11"]
[EventCountry "AUT"]
[SourceTitle "EXT 2010"]
[Source "ChessBase"]
[SourceDate "2010.11.25"]
[SourceVersion "1"]
[SourceVersionDate "2010.11.25"]
[SourceQuality "1"]
[WhiteTeam "Mayrhofen/Zillertal"]
[BlackTeam "Hohenems II"]
[WhiteTeamCountry "AUT"]
[BlackTeamCountry "AUT"]

1. e4 c5 2. Nf3 d6 3. d4 cxd4 4. Nxd4 Nf6 5. Nc3 g6 6. Be2 Bg7 7. 0-0 Nc6 8. Nb3 0-0 9. Re1 a5 10. a4 Be6 11. Bf1 Bxb3 12. cxb3 Nb4 13. Bg5 Rc8 14. Qd2 Nd7 15. Rac1 Bf6 16. Bh6 Re8 17. Bb5 Nc6 18. Nd5 Bg7 19. Bg5 Nc5 20. Rxc5 dxc5 21. Bxc6 bxc6 22. Nxe7+ Rxe7 23. Qxd8+ Rxd8 24. Bxe7 Rd2 25. Bxc5 Bxb2 26. g3 Kg7 27. Bb6 Bd4 28. Bxd4+ Rxd4 29. Rc1 Rd3 30. Rxc6 Rxb3 31. Rc5 Rb4 32. Rxa5 Rxe4 33. Kg2 h6 34. h4 Rb4 35. Ra6 Rc4 36. Ra7 Rb4 37. Ra8 Rc4 38. Ra5 Rb4 39. Ra7 Rc4 40. Ra5 Rb4 1/2-1/2

[Event "CZE-chT 0809"]
[Site "Czech Republic"]
[Date "2008.12.07"]
[Round "4.5"]
[White "Gross, David"]
[Black "Babula, Milan"]
[Result "1/2-1/2"]
[WhiteElo "2485"]
[BlackElo "2298"]
[PlyCount "48"]
[EventDate "2008.11.08"]
[EventType "team-tourn"]
[EventRounds "11"]
[EventCountry "CZE"]
[SourceTitle "CBM 127 Extra"]
[Source "ChessBase"]
[SourceDate "2009.01.08"]
[SourceVersion "2"]
[SourceVersionDate "2009.01.28"]
[SourceQuality "1"]
[WhiteTeam "Praha Mahrla"]
[BlackTeam "Trinec II"]
[WhiteTeamCountry "CZE"]
[BlackTeamCountry "CZE"]

1. e4 e6 2. d4 d5 3. Nc3 Be7 4. Nf3 Nf6 5. Bd3 b6 6. Qe2 c6 7. 0-0 0-0 8. Bg5 a5 9. e5 Nfd7 10. Bxe7 Qxe7 11. Nb1 Ba6 12. c4 Bxc4 13. Bxc4 dxc4 14. Qxc4 c5 15. d5 exd5 16. Qxd5 Na6 17. Nc3 Nb4 18. Qe4 Rac8 19. a3 Nc6 20. Nd5 Qe6 21. Nf4 Qe7 22. Nd5 Qe6 23. Rad1 Rfe8 24. Ng5 Qg6 1/2-1/2

[Event "CZE-chT 0809"]
[Site "Czech Republic"]
[Date "2008.12.06"]
[Round "3.5"]
[White "Langner, Ladislav"]
[Black "Gross, David"]
[Result "1/2-1/2"]
[WhiteElo "2363"]
[BlackElo "2485"]
[PlyCount "42"]
[EventDate "2008.11.08"]
[EventType "team-tourn"]
[EventRounds "11"]
[EventCountry "CZE"]
[SourceTitle "CBM 127 Extra"]
[Source "ChessBase"]
[SourceDate "2009.01.08"]
[SourceVersion "2"]
[SourceVersionDate "2009.01.28"]
[SourceQuality "1"]
[WhiteTeam "Trinec"]
[BlackTeam "Praha Mahrla"]
[WhiteTeamCountry "CZE"]
[BlackTeamCountry "CZE"]

1. e4 e5 2. Bc4 Nf6 3. d3 Nc6 4. Nf3 Bc5 5. Nc3 h6 6. Be3 Bb6 7. Bxb6 axb6 8. d4 exd4 9. Nxd4 0-0 10. 0-0 d6 11. f4 Nxe4 12. Nxe4 d5 13. Nxc6 bxc6 14. Bd3 dxe4 15. Bxe4 Qf6 16. c3 Bf5 17. Bxf5 Qxf5 18. Qf3 Qc5+ 19. Qf2 Qc4 20. a3 Rfe8 21. Rae1 Rad8 1/2-1/2

[Event "CZE-chT 0708"]
[Site "Czech Republic"]
[Date "2007.12.02"]
[Round "4.1"]
[White "Navara, David"]
[Black "Gross, David"]
[Result "1-0"]
[WhiteElo "2656"]
[BlackElo "2389"]
[PlyCount "61"]
[EventDate "2007.11.17"]
[EventType "team-tourn"]
[EventRounds "11"]
[EventCountry "CZE"]
[SourceTitle "EXT 2009"]
[Source "ChessBase"]
[SourceDate "2008.11.26"]
[SourceVersion "1"]
[SourceVersionDate "2008.11.26"]
[SourceQuality "1"]
[WhiteTeam "Praha Mahrla"]
[BlackTeam "Plzen"]
[WhiteTeamCountry "CZE"]
[BlackTeamCountry "CZE"]

1. e4 e5 2. Nf3 Nc6 3. d4 exd4 4. Nxd4 Bc5 5. Be3 Qf6 6. c3 Nge7 7. Bc4 Ne5 8. Be2 Qg6 9. 0-0 d6 10. Kh1 Qxe4 11. Nb5 Bh3 12. Nxc7+ Kd7 13. f3 Qxe3 14. Nxa8 Bxg2+ 15. Kxg2 Nf5 16. b4 Qf4 17. Kh1 Be3 18. Bd3 Rxa8 19. Bxf5+ Qxf5 20. Qd5 Rc8 21. Qxb7+ Rc7 22. Qe4 Qxe4 23. fxe4 Rc4 24. Re1 Rxe4 25. Nd2 Bxd2 26. Rxe4 Bxc3 27. Rd1 Ke6 28. b5 f5 29. Ra4 Ng4 30. Rc1 Bd2 31. Rc2 1-0

[Event "Bundesliga 0607"]
[Site "Germany"]
[Date "2007.04.01"]
[Round "15.8"]
[White "Wall, Gavin"]
[Black "Gross, David"]
[Result "0-1"]
[WhiteElo "2326"]
[BlackElo "2478"]
[PlyCount "94"]
[EventDate "2006.10.28"]
[EventType "team-tourn"]
[EventRounds "15"]
[EventCountry "GER"]
[SourceTitle "CBM 118"]
[Source "ChessBase"]
[SourceDate "2007.05.31"]
[SourceVersion "1"]
[SourceVersionDate "2007.05.31"]
[SourceQuality "1"]
[WhiteTeam "Bindlach"]
[BlackTeam "Tegernsee"]
[WhiteTeamCountry "GER"]
[BlackTeamCountry "GER"]

1. e4 c5 2. Nf3 d6 3. Bb5+ Nd7 4. d4 Ngf6 5. Nc3 a6 6. Bxd7+ Nxd7 7. 0-0 e6 8. d5 e5 9. a4 Be7 10. Nd2 0-0 11. Nc4 Nb6 12. Na3 Bd7 13. a5 Nc8 14. Nc4 Bb5 15. Qd3 Bxc4 16. Qxc4 Bg5 17. b4 Bxc1 18. Rfxc1 b5 19. axb6 Nxb6 20. Qb3 cxb4 21. Qxb4 Qc7 22. Nd1 Nc4 23. Ra4 Rfc8 24. Nb2 Nb6 25. Ra3 Rab8 26. Qd2 Nxd5 27. exd5 Rxb2 28. Rxa6 Qc5 29. g3 g6 30. Ra5 Qc4 31. Ra3 Kg7 32. h4 h5 33. Qd1 Rc5 34. Rd3 Rxc2 35. Rxc2 Qxc2 36. Qf3 Rb5 37. Kg2 Rb1 38. Qe3 Qc1 39. Qxc1 Rxc1 40. f3 Rc2+ 41. Kh3 f5 42. g4 hxg4+ 43. fxg4 e4 44. Ra3 Kf6 45. Ra8 Ke5 46. Rg8 f4 47. Rxg6 e3 0-1

[Event "AUT-chT2W 0607"]
[Site "Austria"]
[Date "2007.01.26"]
[Round "6.2"]
[White "Gross, David"]
[Black "Enigl, Karl"]
[Result "1-0"]
[WhiteElo "2478"]
[BlackElo "2141"]
[PlyCount "123"]
[EventDate "2006.10.21"]
[EventType "team"]
[EventRounds "11"]
[EventCountry "AUT"]
[SourceTitle "EXT 2008"]
[Source "ChessBase"]
[SourceDate "2007.11.25"]
[SourceVersion "1"]
[SourceVersionDate "2007.11.25"]
[SourceQuality "1"]

1. e4 Nf6 2. e5 Nd5 3. d4 d6 4. c4 Nb6 5. exd6 exd6 6. Nc3 Nc6 7. h3 Bf5 8. Be3 Be7 9. b3 d5 10. c5 Nc8 11. Bb5 0-0 12. Qf3 Be6 13. Bxc6 bxc6 14. Nge2 Bf6 15. g4 g6 16. Bf4 Bg7 17. Qg3 Re8 18. Bxc7 Qd7 19. Bf4 a5 20. Qd3 Ra7 21. f3 Rb7 22. Kf2 f6 23. Rae1 Bf7 24. Ng3 Ne7 25. h4 Rb4 26. Nce2 Rb7 27. Bd2 Ra7 28. Nf4 a4 29. b4 Nc8 30. Rxe8+ Qxe8 31. Re1 Re7 32. Rxe7 Nxe7 33. Nfe2 Qc8 34. Kg2 Be8 35. a3 Bd7 36. Bf4 Kf7 37. Be3 Qb7 38. Nc3 Nc8 39. Bf4 Qa8 40. g5 Ne7 41. Qe3 Bc8 42. gxf6 Bxf6 43. Bg5 Bxg5 44. hxg5 Qa6 45. Qe2 Qa7 46. Kf2 Qd7 47. Qf1 Kg8 48. Nxa4 Nf5 49. Nb6 Qc7 50. Nxf5 Bxf5 51. Qe1 Qh2+ 52. Ke3 Qb2 53. a4 h6 54. Qd2 Qb1 55. Kf4 hxg5+ 56. Ke5 Qg1 57. Kd6 Qg3+ 58. Kxc6 Qb8 59. Qe3 Kf7 60. Qe5 Qxe5 61. dxe5 d4 62. Kd6 1-0

[Event "AUT-chT2W 0607"]
[Site "Austria"]
[Date "2007.01.26"]
[Round "7.6"]
[White "Krstic, Uros"]
[Black "Gross, David"]
[Result "1/2-1/2"]
[WhiteElo "2347"]
[BlackElo "2478"]
[PlyCount "30"]
[EventDate "2006.10.21"]
[EventType "team"]
[EventRounds "11"]
[EventCountry "AUT"]
[SourceTitle "EXT 2008"]
[Source "ChessBase"]
[SourceDate "2007.11.25"]
[SourceVersion "1"]
[SourceVersionDate "2007.11.25"]
[SourceQuality "1"]

1. e4 c5 2. Nf3 d6 3. d4 cxd4 4. Nxd4 Nf6 5. Nc3 e6 6. Be2 Be7 7. 0-0 Nc6 8. Be3 0-0 9. f4 e5 10. Nxc6 bxc6 11. Kh1 exf4 12. Bxf4 Qc7 13. Qe1 Bg4 14. Rd1 Rad8 15. b3 Bxe2 1/2-1/2

[Event "AUT-chT2W 0607"]
[Site "Austria"]
[Date "2007.??.??"]
[Round "8.1"]
[White "Gatterer, Florian"]
[Black "Gross, David"]
[Result "0-1"]
[WhiteElo "2206"]
[BlackElo "2478"]
[PlyCount "54"]
[EventDate "2006.10.21"]
[EventType "team"]
[EventRounds "11"]
[EventCountry "AUT"]
[SourceTitle "EXT 2008"]
[Source "ChessBase"]
[SourceDate "2007.11.25"]
[SourceVersion "1"]
[SourceVersionDate "2007.11.25"]
[SourceQuality "1"]

1. f4 d5 2. Nf3 g6 3. e3 Bg7 4. Be2 Nf6 5. 0-0 0-0 6. d3 c5 7. Nc3 d4 8. Ne4 Qb6 9. Nxf6+ exf6 10. e4 Nc6 11. b3 f5 12. exf5 Bxf5 13. Nh4 Ne7 14. g4 Bd7 15. f5 Nd5 16. Bf3 Ne3 17. Bxe3 dxe3 18. Rb1 c4 19. Kh1 cxd3 20. Qxd3 Rad8 21. Qe2 Bb5 22. c4 Rd2 23. Qe1 Bc6 24. Ng2 Re8 25. fxg6 hxg6 26. Nf4 Bxf3+ 27. Rxf3 Qd4 0-1

[Event "Oberliga Bayern 0607"]
[Site "Bayern"]
[Date "2006.11.19"]
[Round "3.1"]
[White "Vokac, Marek"]
[Black "Gross, David"]
[Result "1/2-1/2"]
[WhiteElo "2488"]
[BlackElo "2421"]
[PlyCount "50"]
[EventDate "2006.10.15"]
[EventType "team-tourn"]
[EventRounds "9"]
[EventCountry "GER"]
[SourceTitle "EXT 2008"]
[Source "ChessBase"]
[SourceDate "2007.11.25"]
[SourceVersion "1"]
[SourceVersionDate "2007.11.25"]
[SourceQuality "1"]
[WhiteTeam "Krumbach"]
[BlackTeam "Koetzting"]
[WhiteTeamCountry "GER"]
[BlackTeamCountry "GER"]

1. d4 Nf6 2. c4 g6 3. Nc3 Bg7 4. e4 d6 5. Nf3 0-0 6. Be2 e5 7. 0-0 Nc6 8. d5 Ne7 9. Ne1 Nd7 10. Nd3 f5 11. exf5 gxf5 12. f4 Ng6 13. Be3 Nf6 14. Qc2 Bd7 15. Rae1 Ne4 16. fxe5 Nxc3 17. bxc3 dxe5 18. Qd2 f4 19. Bc5 Rf5 20. Bf3 Nh4 21. Kh1 Kh8 22. Bf2 Nxf3 23. gxf3 Rh5 24. Rg1 Qf6 25. h4 Rg8 1/2-1/2

[Event "Oberliga Bayern 0607"]
[Site "Bayern"]
[Date "2006.10.15"]
[Round "1.1"]
[White "Schmitz, Thorsten"]
[Black "Gross, David"]
[Result "1/2-1/2"]
[WhiteElo "2234"]
[BlackElo "2421"]
[PlyCount "60"]
[EventDate "2006.10.15"]
[EventType "team-tourn"]
[EventRounds "9"]
[EventCountry "GER"]
[SourceTitle "EXT 2008"]
[Source "ChessBase"]
[SourceDate "2007.11.25"]
[SourceVersion "1"]
[SourceVersionDate "2007.11.25"]
[SourceQuality "1"]
[WhiteTeam "Pasing"]
[BlackTeam "Koetzting"]
[WhiteTeamCountry "GER"]
[BlackTeamCountry "GER"]

1. e4 e5 2. Nf3 Nc6 3. Nc3 Nf6 4. Bc4 Bc5 5. d3 d6 6. Bg5 h6 7. Bxf6 Qxf6 8. Nd5 Qd8 9. Qd2 a6 10. 0-0-0 Be6 11. Rhg1 Qd7 12. Ne3 0-0-0 13. c3 Bxe3 14. Qxe3 Bxc4 15. dxc4 f5 16. exf5 Qxf5 17. Nd2 Rhf8 18. Ne4 Qe6 19. b3 Kb8 20. Rd2 Ne7 21. Rgd1 Rf4 22. Kb2 Rdf8 23. Re1 g5 24. Ree2 g4 25. Ng3 b6 26. Qd3 Kb7 27. Nf1 Qf5 28. Qxf5 R8xf5 29. g3 Rf3 30. h3 Rh5 1/2-1/2

[Event "BL2-Ost 0506"]
[Site "Germany"]
[Date "2006.03.12"]
[Round "8.5"]
[White "Gross, David"]
[Black "Niedermaier, Hans"]
[Result "1/2-1/2"]
[WhiteElo "2383"]
[BlackElo "2231"]
[PlyCount "120"]
[EventDate "2005.10.23"]
[EventType "team-tourn"]
[EventRounds "9"]
[EventCountry "GER"]
[SourceTitle "EXT 2007"]
[Source "ChessBase"]
[SourceDate "2006.11.23"]
[SourceVersion "1"]
[SourceVersionDate "2006.11.23"]
[SourceQuality "1"]
[WhiteTeam "Koetzting"]
[BlackTeam "Forchheim"]
[WhiteTeamCountry "GER"]
[BlackTeamCountry "GER"]

1. e4 c6 2. d4 d5 3. Nc3 dxe4 4. Nxe4 Bf5 5. Ng3 Bg6 6. Nf3 Nf6 7. h4 h6 8. Ne5 Bh7 9. Bc4 e6 10. Qe2 Qe7 11. Bd2 Nbd7 12. 0-0-0 Nxe5 13. dxe5 Nd5 14. Ne4 Qc7 15. f4 0-0-0 16. h5 Be7 17. g4 b5 18. Bd3 Nb4 19. Bxb4 Bxb4 20. Nf2 Bxd3 21. Rxd3 Rxd3 22. Nxd3 Be7 23. Rd1 Rd8 24. Nf2 Rxd1+ 25. Nxd1 Qa5 26. Qe4 Kd7 27. a3 b4 28. axb4 Qxb4 29. Qxb4 Bxb4 30. c3 Be7 31. Kd2 Bh4 32. Kd3 Bd8 33. Ke4 Bb6 34. g5 Ke7 35. c4 Kf8 36. Nc3 Bd8 37. gxh6 gxh6 38. f5 Ke7 39. Ne2 exf5+ 40. Kxf5 Ba5 41. Nd4 Bb6 42. Nxc6+ Kd7 43. Nb4 a5 44. Nd3 a4 45. c5 Bd8 46. Ke4 f6 47. Kd5 fxe5 48. c6+ Kc7 49. Nc5 Bf6 50. Nxa4 e4 51. Kxe4 Kxc6 52. Kf5 Bg5 53. Nc3 Bc1 54. Nd1 Kc5 55. Kg6 Kc4 56. Kg7 Kb3 57. Kg6 Kc4 58. Nf2 Bxb2 59. Kxh6 Bc1+ 60. Kg6 Kd5 1/2-1/2

[Event "BL2-Ost 0506"]
[Site "Germany"]
[Date "2006.02.19"]
[Round "7.5"]
[White "Marchio, Enrico"]
[Black "Gross, David"]
[Result "0-1"]
[WhiteElo "2280"]
[BlackElo "2383"]
[PlyCount "100"]
[EventDate "2005.10.23"]
[EventType "team-tourn"]
[EventRounds "9"]
[EventCountry "GER"]
[SourceTitle "EXT 2007"]
[Source "ChessBase"]
[SourceDate "2006.11.23"]
[SourceVersion "1"]
[SourceVersionDate "2006.11.23"]
[SourceQuality "1"]
[WhiteTeam "Schoeneck"]
[BlackTeam "Koetzting"]
[WhiteTeamCountry "GER"]
[BlackTeamCountry "GER"]

1. Nf3 Nf6 2. c4 g6 3. g3 Bg7 4. Bg2 0-0 5. 0-0 d6 6. d4 c6 7. Nc3 Qa5 8. d5 cxd5 9. cxd5 b5 10. Nd4 b4 11. Na4 Bd7 12. Nc6 Bxc6 13. dxc6 d5 14. Bg5 Nxc6 15. Rc1 Rac8 16. Rc5 Qa6 17. Bxf6 Bxf6 18. Rxd5 Rfd8 19. b3 Nd4 20. e3 Rxd5 21. Bxd5 Ne2+ 22. Kg2 Rc1 23. Qxc1 Nxc1 24. Rxc1 Qe2 25. Rc7 Bg5 26. Bc4 Qxa2 27. Kf3 Qb1 28. Nc5 a5 29. h4 Bf6 30. Nb7 a4 31. bxa4 b3 32. Bxb3 Qxb3 33. a5 Qd5+ 34. Ke2 Kg7 35. Nc5 Qa2+ 36. Kf3 Qxa5 37. Rc8 h5 38. Ke2 Bc3 39. Nd3 Qa2+ 40. Kf3 Qd2 41. Nf4 e5 42. Nh3 Qd5+ 43. e4 Qd3+ 44. Kg2 Qxe4+ 45. Kh2 Qf3 46. Rc7 e4 47. Rc6 Be5 48. Rc5 f6 49. Rd5 e3 50. Rd3 Bxg3+ 0-1

[Event "CZE-chT 0506"]
[Site "Czech Republic"]
[Date "2005.12.04"]
[Round "6"]
[White "Langner, Ladislav"]
[Black "Gross, David"]
[Result "0-1"]
[WhiteElo "2392"]
[BlackElo "2383"]
[PlyCount "86"]
[EventDate "2005.10.15"]
[EventType "team-tourn"]
[EventRounds "11"]
[EventCountry "CZE"]
[SourceTitle "EXT 2019"]
[Source "ChessBase"]
[SourceDate "2018.10.10"]
[SourceVersion "1"]
[SourceVersionDate "2018.10.10"]
[SourceQuality "1"]
[WhiteTeam "Trinec"]
[BlackTeam "Plzen"]
[WhiteTeamCountry "CZE"]
[BlackTeamCountry "CZE"]

1. e4 e5 2. Bc4 Nf6 3. d3 Nc6 4. Nf3 Bc5 5. c3 d6 6. b4 Bb6 7. a4 a5 8. b5 Ne7 9. Ng5 0-0 10. Qb3 Qe8 11. Nd2 Ng6 12. Nf1 h6 13. Nf3 Nf4 14. Bxf4 exf4 15. N1d2 Qd8 16. 0-0 c6 17. e5 Ne8 18. d4 d5 19. Bd3 c5 20. dxc5 Bxc5 21. Qc2 Nc7 22. Nb3 Bb6 23. Nbd4 Ne6 24. Qd2 Nc5 25. Bc2 g5 26. Bb1 Kg7 27. Qc2 Rh8 28. Nf5+ Bxf5 29. Qxf5 Qe7 30. Rd1 Rad8 31. h4 Ne6 32. Ba2 d4 33. hxg5 dxc3 34. g6 Ng5 35. Nxg5 hxg5 36. gxf7 Bxf2+ 37. Kf1 Bd4 38. e6 Qf6 39. Qxf6+ Kxf6 40. Rac1 Ke7 41. Rxd4 Rxd4 42. Rxc3 Rd2 43. Kg1 Rxa2 0-1